Conquering family stress. (Record no. 13241)

000 -LEADER
fixed length control field 00580nam a2200193 a 4500
001 - CONTROL NUMBER
control field :::00011059$&:&@@
003 - CONTROL NUMBER IDENTIFIER
control field OkBaRHE
005 - DATE AND TIME OF LATEST TRANSACTION
control field 20000607103405.0
008 - FIXED-LENGTH DATA ELEMENTS--GENERAL INFORMATION
fixed length control field s1981 j 000 0 eng u
040 ## - CATALOGING SOURCE
Transcribing agency
100 1# - MAIN ENTRY--PERSONAL NAME
Personal name Petersen, J. Allan.
245 10 - TITLE STATEMENT
Title Conquering family stress.
260 ## - PUBLICATION, DISTRIBUTION, ETC. (IMPRINT)
Place of publication, distribution, etc Wheaton, IL., :
Name of publisher, distributor, etc Victor Books
Date of publication, distribution, etc 1981
300 ## - PHYSICAL DESCRIPTION
Extent 144 p. ;
Dimensions 21 cm.
490 0# - SERIES STATEMENT
Series statement Family concern series.
650 ## - SUBJECT ADDED ENTRY--TOPICAL TERM
Topical term or geographic name as entry element Family
General subdivision Religious Life
942 ## - ADDED ENTRY ELEMENTS (KOHA)
Source of classification or shelving scheme
Koha item type Books
Copies
Date acquired Not for loan Full call number Damaged status Date last seen Permanent Location Shelving location Lost status Withdrawn status Barcode Copy number Koha item type Source of classification or shelving scheme Price effective from
2010-04-14 BV 4526.2 .P45 2010-04-14RHEMA Bible Training CollegeGeneral Stacks  110591Books 2010-04-14